| 000 | 00576cam a2200217 a 4500 | ||
|---|---|---|---|
| 001 | 000018187 | ||
| 005 | 20200929165406.0 | ||
| 008 | 790112s1969 it 000 0 ita d | ||
| 040 |
_aDO-SdBNP _bita _cLC _dBNPHU |
||
| 042 | _apremarc | ||
| 050 | 0 | 0 |
_aR117 _b.B55 |
| 082 |
_ann* _bnn* |
||
| 100 | 1 |
_aBiagi, Enzo, _d1920-2007. _939395 |
|
| 245 | 1 | 0 |
_aL'uomo non deve morire / _cEnzo Biagi. |
| 250 | _a2a ed. | ||
| 260 |
_aMilano : _bGarzanti, _c1969. |
||
| 300 |
_a233 p. ; _c21 cm. |
||
| 650 | 0 |
_aMedicine. _926532 |
|
| 910 | _aCatalogación por copia / LC | ||
| 049 | _aBNGR | ||
| 999 |
_c17708 _d17708 |
||